| 000 | 00585nam a2200229Ia 4500 | ||
|---|---|---|---|
| 008 | 210210b2007 xxu||||| |||| 00| 0 eng d | ||
| 020 | _a8183186327 | ||
| 041 | _aeng | ||
| 082 | _a658.4038 MURM | ||
| 100 | _aMURTHY (C S V) | ||
| 245 | _aManagement information systems: Text & applications | ||
| 260 |
_aMumbai _bHimalaya Publishing House _c2007 |
||
| 300 | _axvii--735 | ||
| 650 | _aText | ||
| 650 | _asystems: | ||
| 650 | _aManagement | ||
| 650 | _ainformation | ||
| 650 | _aapplications | ||
| 650 | _a& | ||
| 690 | _aManagement Information System | ||
| 906 | _aSG05228 | ||
| 999 |
_c136575 _d136575 |
||